| 000 | 00541nam a22001817a 4500 | ||
|---|---|---|---|
| 003 | BD-DhJNU | ||
| 005 | 20250421070523.0 | ||
| 008 | 250421b |||||||| |||| 00| 0 eng d | ||
| 040 |
_aBD-DhJNU _bENG _cBD-DhJNU _dBD-DhJNU |
||
| 082 |
_223 _a301 KHS |
||
| 100 | _aKhan, Fazlur Rashid. | ||
| 245 |
_aSocial history / _cFazlur Rashid Khan |
||
| 260 |
_aDhaka : _bShirin publications, _c1967. |
||
| 300 |
_aiv,196p. : _bill. ; _c22 cm. |
||
| 504 | _a Includes bibliographical references and index | ||
| 650 | _aSociology | ||
| 942 |
_2ddc _cBK _n0 |
||
| 999 |
_c1593 _d1593 |
||